<?xml version="1.0" encoding="UTF-8"?>
<record
    xmlns:xsi="http://www.w3.org/2001/XMLSchema-instance"
    xsi:schemaLocation="http://www.loc.gov/MARC21/slim http://www.loc.gov/standards/marcxml/schema/MARC21slim.xsd"
    xmlns="http://www.loc.gov/MARC21/slim">

  <leader>00424nam a22001577a 4500</leader>
  <controlfield tag="003">OSt</controlfield>
  <controlfield tag="005">20170105103444.0</controlfield>
  <controlfield tag="008">120507t        xxu||||| |||| 00| 0 eng d</controlfield>
  <datafield tag="020" ind1=" " ind2=" ">
    <subfield code="a"> 0340663170 </subfield>
  </datafield>
  <datafield tag="040" ind1=" " ind2=" ">
    <subfield code="c">ASAB</subfield>
  </datafield>
  <datafield tag="100" ind1=" " ind2=" ">
    <subfield code="a">Topley &amp; Wilson</subfield>
    <subfield code="9">268</subfield>
  </datafield>
  <datafield tag="245" ind1=" " ind2=" ">
    <subfield code="a">Topley &amp; Wilson's Microbiology &amp; Microbial Infections CUMULATIVE INDEX</subfield>
  </datafield>
  <datafield tag="300" ind1=" " ind2=" ">
    <subfield code="a">341</subfield>
  </datafield>
  <datafield tag="650" ind1=" " ind2=" ">
    <subfield code="a">Microbiology &amp; Microbial Infections</subfield>
    <subfield code="9">269</subfield>
  </datafield>
  <datafield tag="942" ind1=" " ind2=" ">
    <subfield code="2">lcc</subfield>
    <subfield code="c">BK</subfield>
  </datafield>
  <datafield tag="999" ind1=" " ind2=" ">
    <subfield code="c">16537</subfield>
    <subfield code="d">16537</subfield>
  </datafield>
  <datafield tag="952" ind1=" " ind2=" ">
    <subfield code="0">0</subfield>
    <subfield code="1">0</subfield>
    <subfield code="2">lcc</subfield>
    <subfield code="4">0</subfield>
    <subfield code="7">0</subfield>
    <subfield code="a">ASAB</subfield>
    <subfield code="b">ASAB</subfield>
    <subfield code="d">2012-05-07</subfield>
    <subfield code="l">0</subfield>
    <subfield code="o">616.01, WIL</subfield>
    <subfield code="p">ASAB1245</subfield>
    <subfield code="r">2012-05-07</subfield>
    <subfield code="t">Photocopy</subfield>
    <subfield code="w">2012-05-07</subfield>
    <subfield code="y">BK</subfield>
  </datafield>
  <datafield tag="952" ind1=" " ind2=" ">
    <subfield code="0">0</subfield>
    <subfield code="1">0</subfield>
    <subfield code="2">lcc</subfield>
    <subfield code="4">0</subfield>
    <subfield code="7">0</subfield>
    <subfield code="a">ASAB</subfield>
    <subfield code="b">ASAB</subfield>
    <subfield code="d">2012-05-07</subfield>
    <subfield code="l">0</subfield>
    <subfield code="o">616.01, WIL</subfield>
    <subfield code="p">ASAB1247</subfield>
    <subfield code="r">2012-05-07</subfield>
    <subfield code="t">Photocopy</subfield>
    <subfield code="w">2012-05-07</subfield>
    <subfield code="y">BK</subfield>
  </datafield>
  <datafield tag="952" ind1=" " ind2=" ">
    <subfield code="0">0</subfield>
    <subfield code="1">0</subfield>
    <subfield code="2">lcc</subfield>
    <subfield code="4">0</subfield>
    <subfield code="7">0</subfield>
    <subfield code="a">ASAB</subfield>
    <subfield code="b">ASAB</subfield>
    <subfield code="d">2012-05-07</subfield>
    <subfield code="l">0</subfield>
    <subfield code="o">616.01, WIL</subfield>
    <subfield code="p">ASAB1248</subfield>
    <subfield code="r">2012-05-07</subfield>
    <subfield code="t">Photocopy</subfield>
    <subfield code="w">2012-05-07</subfield>
    <subfield code="y">BK</subfield>
  </datafield>
  <datafield tag="952" ind1=" " ind2=" ">
    <subfield code="0">0</subfield>
    <subfield code="1">0</subfield>
    <subfield code="2">lcc</subfield>
    <subfield code="4">0</subfield>
    <subfield code="7">0</subfield>
    <subfield code="a">ASAB</subfield>
    <subfield code="b">ASAB</subfield>
    <subfield code="d">2012-05-07</subfield>
    <subfield code="l">0</subfield>
    <subfield code="o">616.01, WIL</subfield>
    <subfield code="p">ASAB1246</subfield>
    <subfield code="r">2012-05-07</subfield>
    <subfield code="t">Photocopy</subfield>
    <subfield code="w">2012-05-07</subfield>
    <subfield code="y">BK</subfield>
  </datafield>
</record>
